[Event "Rheinhausen-ch 10th"]
[Site "Duisburg Rheinhausen"]
[Date "2006.03.31"]
[Round "7.17"]
[White "Bajonczak, Helmut"]
[Black "Kaiser, Daniel"]
[Result "1/2-1/2"]
[WhiteElo "1245"]
[BlackElo "1654"]
[PlyCount "96"]
[EventDate "2006.01.06"]
[EventType "swiss"]
[EventRounds "7"]
[EventCountry "GER"]
[SourceTitle "EXT 2007"]
[Source "ChessBase"]
[SourceDate "2006.11.23"]
[SourceVersion "1"]
[SourceVersionDate "2006.11.23"]
[SourceQuality "1"]

1. Nf3 Nf6 2. g3 g6 3. Bg2 Bg7 4. 0-0 d5 5. d3 c5 6. c3 Nc6 7. Nbd2 0-0 8. Re1 Rb8 9. Qc2 b5 10. a3 a5 11. e4 dxe4 12. Nxe4 Nxe4 13. dxe4 Qc7 14. Be3 c4 15. Rad1 f5 16. Ng5 h6 17. Nh3 e5 18. f4 Ne7 19. Rf1 fxe4 20. Qxe4 Bf5 21. Qf3 h5 22. Nf2 Rbd8 23. Rxd8 Rxd8 24. Rd1 Rxd1+ 25. Qxd1 Qd7 26. Qe2 Nd5 27. Bd2 exf4 28. Bxd5+ Qxd5 29. Bxf4 Qe6 30. Qxe6+ Bxe6 31. Bd2 Bf5 32. Kf1 Kf7 33. Ke2 Ke6 34. Ke3 Kd5 35. h3 Bf6 36. Bc1 b4 37. axb4 axb4 38. cxb4 Kc6 39. g4 hxg4 40. hxg4 Bc2 41. Ne4 Bxe4 42. Kxe4 Kb5 43. Kd5 Kxb4 44. Ke4 Kb3 45. Kd5 Bg7 46. Kc5 Kc2 47. Bg5 Kd3 48. Bc1 Bf6 1/2-1/2

[Event "Rheinhausen-ch 10th"]
[Site "Duisburg Rheinhausen"]
[Date "2006.03.17"]
[Round "6.19"]
[White "Hoening, Andre"]
[Black "Bajonczak, Helmut"]
[Result "1/2-1/2"]
[WhiteElo "1552"]
[BlackElo "1245"]
[PlyCount "68"]
[EventDate "2006.01.06"]
[EventType "swiss"]
[EventRounds "7"]
[EventCountry "GER"]
[SourceTitle "EXT 2007"]
[Source "ChessBase"]
[SourceDate "2006.11.23"]
[SourceVersion "1"]
[SourceVersionDate "2006.11.23"]
[SourceQuality "1"]

1. d4 f5 2. e4 fxe4 3. Nc3 Nf6 4. g4 h6 5. f3 d6 6. g5 hxg5 7. Bxg5 Bf5 8. Bxf6 exf6 9. fxe4 Bh7 10. Qh5+ g6 11. Qf3 c6 12. Bc4 Bg7 13. Nge2 b5 14. Bb3 a6 15. 0-0-0 Nd7 16. Nf4 Bh6 17. Kb1 Bxf4 18. Qxf4 Qc7 19. Rde1 0-0-0 20. Be6 Rhf8 21. Re3 Bg8 22. Bg4 Kb7 23. Bf3 Nb6 24. b3 d5 25. Ne2 Qxf4 26. Nxf4 g5 27. exd5 Nxd5 28. Nxd5 Bxd5 29. Bxd5 Rxd5 30. Rd1 Rd7 31. c4 Rd5 32. Rde1 Rd7 33. Re7 Kc7 34. Rxd7+ Kxd7 1/2-1/2

[Event "Rheinhausen-ch 10th"]
[Site "Duisburg Rheinhausen"]
[Date "2006.02.17"]
[Round "4"]
[White "Schumacher, Peter"]
[Black "Bajonczak, Helmut"]
[Result "1-0"]
[WhiteElo "1429"]
[BlackElo "1245"]
[PlyCount "79"]
[EventDate "2006.01.06"]
[EventType "swiss"]
[EventRounds "7"]
[EventCountry "GER"]
[SourceTitle "EXT 2007"]
[Source "ChessBase"]
[SourceDate "2006.11.23"]
[SourceVersion "1"]
[SourceVersionDate "2006.11.23"]
[SourceQuality "1"]

1. d4 f5 2. c4 e6 3. Nc3 Nf6 4. Nf3 Be7 5. g3 d6 6. Bg2 0-0 7. 0-0 c6 8. e3 Qe8 9. b4 a6 10. a4 Nbd7 11. Bd2 d5 12. c5 Ne4 13. b5 Nxc3 14. Bxc3 Nf6 15. bxc6 bxc6 16. Rb1 Ne4 17. Be1 a5 18. Bd2 Ba6 19. Re1 Bc4 20. Ne5 Nxd2 21. Qxd2 Ba6 22. Rb6 Bc8 23. Nxc6 Ra6 24. Rxa6 Bxa6 25. Nxe7+ Qxe7 26. Qxa5 Qb7 27. Qb6 Qa8 28. Qxe6+ Kh8 29. Bxd5 Qa7 30. Rb1 Bc8 31. Qb6 Qe7 32. a5 f4 33. exf4 Bh3 34. Bg2 Bf5 35. Ra1 h6 36. Qd6 Qf7 37. Bd5 Qe8 38. a6 Rf6 39. Qe5 Be6 40. a7 1-0

[Event "Rheinhausen-ch 10th"]
[Site "Duisburg Rheinhausen"]
[Date "2006.02.03"]
[Round "3.26"]
[White "Bajonczak, Helmut"]
[Black "Schumacher, Timo"]
[Result "1-0"]
[WhiteElo "1245"]
[BlackElo "833"]
[PlyCount "83"]
[EventDate "2006.01.06"]
[EventType "swiss"]
[EventRounds "7"]
[EventCountry "GER"]
[SourceTitle "EXT 2007"]
[Source "ChessBase"]
[SourceDate "2006.11.23"]
[SourceVersion "1"]
[SourceVersionDate "2006.11.23"]
[SourceQuality "1"]

1. d4 d5 2. Nf3 e6 3. e3 Bd6 4. Nc3 Nf6 5. Bd3 0-0 6. 0-0 Qe7 7. Re1 Nc6 8. Nb5 Bd7 9. Nxd6 Qxd6 10. c3 e5 11. dxe5 Nxe5 12. Nxe5 Qxe5 13. Qc2 Ng4 14. f4 Qh5 15. h3 Nf6 16. Qd1 Qh4 17. f5 Qg5 18. Rf1 Ne4 19. Bxe4 Bb5 20. Bd3 Bc6 21. Qe2 Rae8 22. c4 Re7 23. Bd2 Rfe8 24. Rae1 Re5 25. cxd5 Bxd5 26. e4 Qf6 27. Qg4 Bxa2 28. Bf4 R5e7 29. Bg5 Qd4+ 30. Kh1 Re5 31. Bf6 g6 32. Bxe5 Qxe5 33. fxg6 hxg6 34. Qf3 Qxb2 35. Re2 Qa3 36. e5 Rd8 37. Re3 Qb2 38. Qg3 Rd5 39. Bxg6 fxg6 40. Qxg6+ Kh8 41. Qh6+ Kg8 42. Rg3# 1-0

[Event "Rheinhausen op"]
[Site "Duisburg"]
[Date "2005.03.18"]
[Round "7"]
[White "Bajonczak, Helmut"]
[Black "Michels, Rene"]
[Result "1/2-1/2"]
[WhiteElo "1233"]
[BlackElo "1075"]
[PlyCount "61"]
[EventDate "2005.01.07"]
[EventType "swiss"]
[EventRounds "7"]
[EventCountry "GER"]
[SourceTitle "EXT 2006"]
[Source "ChessBase"]
[SourceDate "2005.11.24"]
[SourceVersion "1"]
[SourceVersionDate "2005.11.24"]
[SourceQuality "1"]

1. d4 d5 2. c4 c6 3. e3 Nf6 4. Nc3 Bf5 5. Nf3 Nbd7 6. b3 Qc7 7. Bd3 Bxd3 8. Qxd3 e5 9. 0-0 e4 10. Qd1 exf3 11. Qxf3 Bd6 12. g3 0-0 13. Bb2 Rfe8 14. cxd5 cxd5 15. Rac1 Qa5 16. Rc2 Rac8 17. Rfc1 Nb6 18. Qe2 Ba3 19. Bxa3 Qxa3 20. Nb5 Rxc2 21. Rxc2 Qe7 22. Nxa7 Qe6 23. Nb5 Rc8 24. Rc7 Rxc7 25. Nxc7 Qc6 26. Nb5 Ne4 27. Kg2 Nc3 28. Nxc3 Qxc3 29. Qb5 Qc6 30. Qe2 Qe6 31. Qb5 1/2-1/2